| 000 | 00543nam a22001817a 4500 | ||
|---|---|---|---|
| 999 |
_c184409 _d184409 |
||
| 005 | 20220120102245.0 | ||
| 010 | _aENG-131255 | ||
| 020 |
_a978-93-5322-575-9 _c285.00 |
||
| 035 | _aEN-114787 | ||
| 037 | _bDBAD | ||
| 082 | _a530 | ||
| 100 | _aJain, Subhash | ||
| 245 |
_aNEET Physics 2005-2020: _bChapter-wise & Topic-Wise Solved Papers/ _cSubhash Jain |
||
| 260 |
_aNew Delhi _bPrabhat Paperbacks _c2020 |
||
| 270 |
_bNew Delhi _a4/19, Asaf Ali Road _e110002 |
||
| 300 |
_a308p. _c27cm(pbk) |
||
| 942 |
_2ddc _cEN _h530 _mJAI |
||